[Event "Barcelona La Lira op 35th"]
[Site "Barcelona"]
[Date "2017.01.20"]
[Round "1"]
[White "Guirado Martinez, David"]
[Black "Bieg Pagel, Clemens"]
[Result "0-1"]
[WhiteElo "1578"]
[BlackElo "1891"]
[PlyCount "50"]
[EventDate "2017.01.20"]
[EventType "swiss"]
[EventRounds "8"]
[EventCountry "ESP"]
[SourceTitle "EXT 2018"]
[Source "ChessBase"]
[SourceDate "2017.10.13"]
[SourceVersion "1"]
[SourceVersionDate "2017.10.13"]
[SourceQuality "1"]

1. d4 c5 2. e3 e6 3. Nf3 Nf6 4. Bd3 b6 5. Nbd2 Ba6 6. c4 Nc6 7. a3 Be7 8. b3 0-0 9. Bb2 Qc7 10. 0-0 d5 11. Ne5 dxc4 12. bxc4 Rad8 13. Ndf3 h6 14. Qe2 Bb7 15. Rad1 Nd7 16. Bc2 Bf6 17. Qd3 Rfe8 18. Qh7+ Kf8 19. Ng4 Na5 20. Nxf6 Nxf6 21. Qd3 Ng4 22. h3 Bxf3 23. hxg4 Bxd1 24. Rxd1 cxd4 25. Ba4 dxe3 0-1

[Event "Barcelona Primavera La Lira op 6th"]
[Site "Barcelona"]
[Date "2013.05.23"]
[Round "7"]
[White "Guirado Martinez, David"]
[Black "Volart Buil, Jordi"]
[Result "0-1"]
[WhiteElo "1631"]
[BlackElo "1777"]
[PlyCount "70"]
[EventDate "2013.04.11"]
[EventType "swiss"]
[EventRounds "9"]
[EventCountry "ESP"]
[SourceTitle "CBM 154 Extra"]
[Source "ChessBase"]
[SourceDate "2013.06.25"]
[SourceVersion "2"]
[SourceVersionDate "2013.06.25"]
[SourceQuality "1"]

1. d4 Nf6 2. Nf3 h6 3. Bf4 c6 4. e3 d5 5. h3 Na6 6. c3 Qb6 7. Qb3 Nd7 8. Nbd2 e6 9. Be2 Be7 10. Qc2 c5 11. 0-0 cxd4 12. exd4 Bd6 13. Ne5 Nxe5 14. Bxe5 Bxe5 15. dxe5 Bd7 16. Qb3 Qc6 17. Nf3 Nc5 18. Qc2 Qc7 19. Rac1 Bc6 20. Rfe1 0-0 21. c4 Nd7 22. cxd5 exd5 23. Bd3 Rfe8 24. Qc3 Qb6 25. Re2 Rac8 26. Rce1 Nf8 27. Qd2 Ne6 28. Qe3 Qb4 29. Qd2 Qa4 30. b3 Qa3 31. Bc2 Qc5 32. Rc1 Qb6 33. Qe3 Qxe3 34. Rxe3 d4 35. Rd3 Be4 0-1

[Event "Barcelona Primavera La Lira op 5th"]
[Site "Barcelona"]
[Date "2012.05.24"]
[Round "6"]
[White "Lama Fernandez, Ramiro"]
[Black "Guirado Martinez, David"]
[Result "1-0"]
[WhiteElo "1949"]
[BlackElo "1744"]
[PlyCount "91"]
[EventDate "2012.04.19"]
[EventType "swiss"]
[EventRounds "9"]
[EventCountry "ESP"]
[SourceTitle "CBM 148 Extra"]
[Source "ChessBase"]
[SourceDate "2012.06.22"]
[SourceVersion "1"]
[SourceVersionDate "2012.06.22"]
[SourceQuality "1"]

1. e4 c6 2. d4 d5 3. Nc3 dxe4 4. Nxe4 Bf5 5. Ng3 Bg6 6. h4 h6 7. Nf3 Nd7 8. h5 Bh7 9. Bd3 Bxd3 10. Qxd3 Qc7 11. Bd2 e6 12. 0-0-0 Ngf6 13. Ne4 Nxe4 14. Qxe4 Nf6 15. Qe2 Bd6 16. g3 0-0-0 17. c4 c5 18. Bc3 Rhe8 19. Ne5 Re7 20. dxc5 Bxc5 21. Rxd8+ Kxd8 22. Rd1+ Kc8 23. Kb1 Qb6 24. f4 Bf2 25. g4 Qe3 26. Qd3 Qxd3+ 27. Rxd3 Ne4 28. Ba5 b6 29. Bb4 Bc5 30. Bxc5 Nxc5 31. Rd4 Kc7 32. g5 Nd7 33. Rxd7+ Rxd7 34. Nxd7 Kxd7 35. b4 Kd6 36. Kc2 e5 37. fxe5+ Kxe5 38. gxh6 gxh6 39. Kd3 f5 40. Ke3 f4+ 41. Kf3 Kf5 42. c5 bxc5 43. bxc5 Ke6 44. Kxf4 Kd5 45. Kf5 Kxc5 46. Kg6 1-0

[Event "Barcelona Primavera La Lira op 5th"]
[Site "Barcelona"]
[Date "2012.05.17"]
[Round "5"]
[White "Guirado Martinez, David"]
[Black "Escudero Martinez, Alberto"]
[Result "1-0"]
[WhiteElo "1744"]
[BlackElo "1864"]
[PlyCount "43"]
[EventDate "2012.04.19"]
[EventType "swiss"]
[EventRounds "9"]
[EventCountry "ESP"]
[SourceTitle "CBM 148 Extra"]
[Source "ChessBase"]
[SourceDate "2012.06.22"]
[SourceVersion "1"]
[SourceVersionDate "2012.06.22"]
[SourceQuality "1"]

1. d4 Nf6 2. Nf3 g6 3. Bf4 d6 4. e3 Bg7 5. Nbd2 0-0 6. c3 Nbd7 7. Qc2 a6 8. Bd3 b5 9. 0-0 c5 10. a4 c4 11. Be2 Bb7 12. e4 Nh5 13. Be3 Qc7 14. Rfc1 Ndf6 15. d5 Ng4 16. Bd4 Nf4 17. Re1 e5 18. dxe6 fxe6 19. Bxg7 Kxg7 20. Nd4 Nxe2+ 21. Rxe2 e5 22. Ne6+ 1-0

[Event "Barcelona Primavera La Lira op 5th"]
[Site "Barcelona"]
[Date "2012.05.10"]
[Round "4"]
[White "Coll Terradas, Fernando"]
[Black "Guirado Martinez, David"]
[Result "0-1"]
[WhiteElo "1850"]
[BlackElo "1744"]
[PlyCount "62"]
[EventDate "2012.04.19"]
[EventType "swiss"]
[EventRounds "9"]
[EventCountry "ESP"]
[SourceTitle "CBM 148 Extra"]
[Source "ChessBase"]
[SourceDate "2012.06.22"]
[SourceVersion "1"]
[SourceVersionDate "2012.06.22"]
[SourceQuality "1"]

1. d4 Nf6 2. c4 e6 3. Nc3 Bb4 4. Bd2 b6 5. e3 Bb7 6. Nge2 0-0 7. a3 Be7 8. Ng3 d6 9. Rc1 Nbd7 10. e4 c5 11. Be3 cxd4 12. Bxd4 Nc5 13. Bxc5 dxc5 14. Be2 Qd4 15. Qc2 Rfd8 16. Nb5 Qe5 17. 0-0 Nxe4 18. f4 Qf6 19. Nxe4 Bxe4 20. Qc3 Qg6 21. Bf3 Bf6 22. Qe1 Bxf3 23. Rxf3 Bxb2 24. Rd1 Qf6 25. Qf1 Bd4+ 26. Nxd4 Rxd4 27. g3 Rad8 28. Rfd3 Rxd3 29. Rxd3 Rxd3 30. Qxd3 Qd4+ 31. Qxd4 cxd4 0-1

[Event "Barcelona Primavera La Lira op 5th"]
[Site "Barcelona"]
[Date "2012.04.19"]
[Round "1"]
[White "Guirado Martinez, David"]
[Black "Serrano Pertinez, Miquel"]
[Result "0-1"]
[WhiteElo "1744"]
[BlackElo "2086"]
[PlyCount "54"]
[EventDate "2012.04.19"]
[EventType "swiss"]
[EventRounds "9"]
[EventCountry "ESP"]
[SourceTitle "CBM 148 Extra"]
[Source "ChessBase"]
[SourceDate "2012.06.22"]
[SourceVersion "1"]
[SourceVersionDate "2012.06.22"]
[SourceQuality "1"]

1. d4 e6 2. Nf3 c5 3. c3 b6 4. e4 cxd4 5. cxd4 Nf6 6. Bd3 Ba6 7. Nc3 Bxd3 8. Qxd3 d6 9. d5 e5 10. Bg5 Nbd7 11. 0-0 h6 12. Bh4 Be7 13. b4 0-0 14. Rac1 Ne8 15. Bxe7 Qxe7 16. Nb5 g6 17. Rc3 f5 18. Nd2 a6 19. Nc7 Nxc7 20. Rxc7 Rf6 21. f3 Nc5 22. Rxe7 Nxd3 23. a3 Rc8 24. Rd1 Rc2 25. Nb3 fxe4 26. fxe4 Nf4 27. Rd2 Ne2+ 0-1

[Event "Barcelona La Lira op 30th"]
[Site "Barcelona"]
[Date "2012.03.09"]
[Round "8"]
[White "Zamora Leon, Eduard"]
[Black "Guirado Martinez, David"]
[Result "0-1"]
[WhiteElo "1487"]
[BlackElo "1744"]
[PlyCount "60"]
[EventDate "2012.01.20"]
[EventType "swiss"]
[EventRounds "8"]
[EventCountry "ESP"]
[SourceTitle "EXT 2013"]
[Source "ChessBase"]
[SourceDate "2012.11.22"]
[SourceVersion "1"]
[SourceVersionDate "2012.11.22"]
[SourceQuality "1"]

1. e4 c6 2. d4 d5 3. Nc3 dxe4 4. Nxe4 Bf5 5. Ng3 Bg6 6. Nf3 Nd7 7. Bc4 e6 8. 0-0 Qc7 9. Re1 0-0-0 10. Be3 Ngf6 11. h3 Bd6 12. Kh2 h5 13. Nh4 Ne4 14. Qf3 Bf5 15. Nhxf5 exf5 16. Bxf7 h4 17. Kg1 hxg3 18. Qxf5 gxf2+ 19. Bxf2 Nxf2 20. Qxf2 Bg3 21. Qe2 Bxe1 22. Rxe1 Qg3 23. Be6 Kc7 24. Bg4 Nf6 25. Qe7+ Kb8 26. Re3 Qd6 27. Qxg7 Qxd4 28. Kf2 Ne4+ 29. Ke2 Qxg7 30. Rxe4 Rhe8 0-1

[Event "Barcelona La Lira op 30th"]
[Site "Barcelona"]
[Date "2012.01.20"]
[Round "1"]
[White "Garcia Gargallo, Lluis"]
[Black "Guirado Martinez, David"]
[Result "1-0"]
[WhiteElo "1742"]
[BlackElo "1744"]
[PlyCount "49"]
[EventDate "2012.01.20"]
[EventType "swiss"]
[EventRounds "8"]
[EventCountry "ESP"]
[SourceTitle "EXT 2013"]
[Source "ChessBase"]
[SourceDate "2012.11.22"]
[SourceVersion "1"]
[SourceVersionDate "2012.11.22"]
[SourceQuality "1"]

1. e4 c6 2. Nf3 d5 3. e5 Bf5 4. d4 e6 5. Be2 Nd7 6. 0-0 Ne7 7. b3 Rc8 8. c4 c5 9. Nc3 cxd4 10. Nxd4 Nxe5 11. Bg5 a6 12. Nxf5 exf5 13. Nxd5 h6 14. Bxe7 Bxe7 15. Nxe7 Qxe7 16. Re1 0-0 17. Bf3 Rcd8 18. Bd5 Rfe8 19. Qh5 Qd7 20. Rad1 Nd3 21. Rxe8+ Rxe8 22. g3 Re1+ 23. Rxe1 Nxe1 24. Qe2 b5 25. Qxe1 1-0